[Event "17. European Women's Championship 2016"]
[Site "Mamaia ROU"]
[Date "2016.05.27"]
[Round "1.49"]
[White "Mammadzada, Gunay"]
[Black "Grigoryan, Meri"]
[Result "1-0"]
[WhiteElo "2318"]
[BlackElo "2016"]
[PlyCount "55"]
[EventDate "2016.05.27"]
[EventType "swiss"]
[EventRounds "11"]
[EventCountry "ROU"]
[Source "lmi"]
[SourceDate "2016.05.26"]

1. e4 Nc6 2. Nf3 d6 3. d4 Nf6 4. Nc3 g6 5. d5 Ne5 6. Nd4 a6 7. f4 Ned7 8. Be2
Bg7 9. Be3 Nc5 10. Bf3 e5 11. dxe6 Nxe6 12. O-O Nxd4 13. Bxd4 O-O 14. Qd2 Rb8
15. Rad1 Be6 16. Qf2 Qc8 17. Qh4 Ne8 18. f5 Bc4 19. f6 Bh8 20. Bg4 Qd8 21. b3
Be6 22. Nd5 Bxd5 23. exd5 c5 24. dxc6 bxc6 25. c4 Qa5 26. Rd3 h5 27. Bf5 Qxa2
28. Qg5 1-0

[Event "17. European Women's Championship 2016"]
[Site "Mamaia ROU"]
[Date "2016.05.27"]
[Round "1.50"]
[White "Gitu, Paula-Alexandra"]
[Black "Hoolt, Sarah"]
[Result "1/2-1/2"]
[WhiteElo "1949"]
[BlackElo "2312"]
[PlyCount "99"]
[EventDate "2016.05.27"]
[EventType "swiss"]
[EventRounds "11"]
[EventCountry "ROU"]
[Source "lmi"]
[SourceDate "2016.05.26"]

1. e4 c5 2. Nf3 e6 3. c3 d5 4. exd5 Qxd5 5. Na3 Nf6 6. d4 Nc6 7. Nb5 Qd8 8.
dxc5 Bxc5 9. Qxd8+ Kxd8 10. Bg5 Ke7 11. Rd1 h6 12. Bxf6+ Kxf6 13. Bc4 Ke7 14.
Nbd4 Nxd4 15. Nxd4 e5 16. Nb5 Bg4 17. f3 Bd7 18. b4 Bb6 19. Nd6 f6 20. Ke2 a5
21. a3 axb4 22. axb4 Ra3 23. Rd3 Bc7 24. Nb5 Bxb5 25. Bxb5 Ra2+ 26. Rd2 Rxd2+
27. Kxd2 Ra8 28. Bc4 f5 29. Bd5 Rd8 30. c4 b5 31. Kc3 Bb6 32. Re1 Bd4+ 33. Kd3
Kd6 34. f4 bxc4+ 35. Bxc4 Ra8 36. fxe5+ Bxe5 37. h3 Ra3+ 38. Ke2 Bd4 39. Bd3
Ra2+ 40. Kf3 Rf2+ 41. Kg3 f4+ 42. Kg4 h5+ 43. Kf5 Rxg2 44. Kxf4 g5+ 45. Kf5 Rg3
46. Be2 Rxh3 47. Rd1 Kd5 48. Kxg5 h4 49. Rd3 Rxd3 50. Bxd3 1/2-1/2

[Event "17. European Women's Championship 2016"]
[Site "Mamaia ROU"]
[Date "2016.05.27"]
[Round "1.52"]
[White "Pancu, Aureliana-Eugenia"]
[Black "Zaksaite, Salomeja"]
[Result "0-1"]
[WhiteElo "1841"]
[BlackElo "2312"]
[PlyCount "94"]
[EventDate "2016.05.27"]
[EventType "swiss"]
[EventRounds "11"]
[EventCountry "ROU"]
[Source "lmi"]
[SourceDate "2016.05.26"]

1. d4 Nf6 2. c4 g6 3. g3 c6 4. Bg2 d5 5. cxd5 cxd5 6. Nc3 Bg7 7. Nf3 Ne4 8. O-O
O-O 9. Qb3 Nxc3 10. bxc3 Nc6 11. Nd2 e6 12. a4 b6 13. Ba3 Re8 14. Rfe1 Na5 15.
Qa2 Bb7 16. e3 Rc8 17. Bb4 Nc6 18. Ba3 Qd7 19. Rac1 Red8 20. f4 Ne7 21. Bxe7
Qxe7 22. a5 b5 23. a6 Bc6 24. Nb3 Be8 25. Nc5 Rxc5 26. dxc5 Qxc5 27. Qa5 Rc8
28. Qb4 Bxc3 29. Qxc5 Rxc5 30. Re2 b4 31. Kf2 Ra5 32. Rec2 Rxa6 33. Bf1 Ra3 34.
Rxc3 Rxc3 35. Ra1 Rc7 36. Bd3 Kf8 37. Ke2 Ke7 38. Kd2 Kd8 39. g4 Kc8 40. h4 Kb7
41. Ra5 Rc3 42. f5 Ra3 43. fxg6 fxg6 44. Rxa3 bxa3 45. Kc3 Kc6 46. Kb3 Kc5 47.
Kxa3 d4 0-1

[Event "17. European Women's Championship 2016"]
[Site "Mamaia ROU"]
[Date "2016.05.27"]
[Round "1.53"]
[White "Gvetadze, Sofio"]
[Black "Cimpean, Andra"]
[Result "1-0"]
[WhiteElo "2311"]
[BlackElo "1794"]
[PlyCount "57"]
[EventDate "2016.05.27"]
[EventType "swiss"]
[EventRounds "11"]
[EventCountry "ROU"]
[Source "lmi"]
[SourceDate "2016.05.26"]

1. Nf3 d5 2. g3 e6 3. Bg2 c5 4. O-O Nc6 5. d3 Bd6 6. e4 Nge7 7. Re1 O-O 8. Nbd2
b5 9. h4 Bb7 10. h5 h6 11. e5 Bc7 12. Nf1 Qb8 13. Bf4 d4 14. Qc1 Kh7 15. N1h2
Nd5 16. Bxh6 Nxe5 17. Bxg7 Nxf3+ 18. Bxf3 Kxg7 19. Qg5+ Kh7 20. Be4+ f5 21.
Qg6+ Kh8 22. Qh6+ Kg8 23. Qxe6+ Rf7 24. Bxd5 Bxd5 25. Qxd5 Qf8 26. Re6 Rd8 27.
Qc6 Bd6 28. Rae1 Rg7 29. Re8 1-0

[Event "17. European Women's Championship 2016"]
[Site "Mamaia ROU"]
[Date "2016.05.27"]
[Round "1.54"]
[White "Anghel, Maria"]
[Black "Tomilova, Elena"]
[Result "0-1"]
[WhiteElo "1703"]
[BlackElo "2305"]
[PlyCount "62"]
[EventDate "2016.05.27"]
[EventType "swiss"]
[EventRounds "11"]
[EventCountry "ROU"]
[Source "lmi"]
[SourceDate "2016.05.26"]

1. d4 d5 2. Bg5 f6 3. Bh4 Nh6 4. e3 Nf5 5. Bg3 h5 6. h3 Nxg3 7. fxg3 Qd6 8. Ne2
e5 9. Nbc3 Be6 10. Qd2 Nc6 11. O-O-O O-O-O 12. a3 g6 13. Kb1 Bh6 14. Qd3 Bf7
15. Nc1 e4 16. Qd2 Qxg3 17. Qe1 Qxe3 18. Qxe3 Bxe3 19. Nb3 h4 20. Bb5 Ne7 21.
Rde1 Nf5 22. Rhf1 Bg5 23. Nd1 Ng3 24. Rf2 f5 25. c3 f4 26. Nc5 c6 27. Ba4 b6
28. Na6 Kb7 29. Nb4 b5 30. Bb3 Be6 31. Bc2 Bf5 0-1

[Event "17. European Women's Championship 2016"]
[Site "Mamaia ROU"]
[Date "2016.05.27"]
[Round "1.55"]
[White "Pustovoitova, Daria"]
[Black "Milak, Adela"]
[Result "1-0"]
[WhiteElo "2304"]
[BlackElo "1677"]
[PlyCount "73"]
[EventDate "2016.05.27"]
[EventType "swiss"]
[EventRounds "11"]
[EventCountry "ROU"]
[Source "lmi"]
[SourceDate "2016.05.26"]

1. d4 f5 2. c4 Nf6 3. Nc3 e6 4. g3 Bb4 5. Qb3 Bxc3+ 6. Qxc3 c6 7. Bg2 d6 8. Nh3
O-O 9. O-O Qc7 10. Bf4 Nh5 11. e4 Nxf4 12. Nxf4 e5 13. dxe5 dxe5 14. Nd3 fxe4
15. Bxe4 Bf5 16. Rae1 Bxe4 17. Rxe4 Rf3 18. Qxe5 Qxe5 19. Nxe5 Rf8 20. Rd1 Na6
21. Red4 Nc5 22. b4 Ne6 23. Rd7 Rad8 24. R1d6 Rxd7 25. Rxd7 Rb8 26. f4 a5 27.
a3 axb4 28. axb4 c5 29. b5 Nd4 30. Kf2 b6 31. Ke3 h5 32. Ke4 Kh7 33. Nc6 Re8+
34. Re7 Rc8 35. Nxd4 cxd4 36. Kxd4 Rc5 37. Rb7 1-0

[Event "17. European Women's Championship 2016"]
[Site "Mamaia ROU"]
[Date "2016.05.27"]
[Round "1.56"]
[White "Surovtseva, Alisa"]
[Black "Styazhkina, Anna"]
[Result "0-1"]
[WhiteElo "1574"]
[BlackElo "2302"]
[PlyCount "84"]
[EventDate "2016.05.27"]
[EventType "swiss"]
[EventRounds "11"]
[EventCountry "ROU"]
[Source "lmi"]
[SourceDate "2016.05.26"]

1. e4 e5 2. Nf3 Nc6 3. Nc3 Nf6 4. Bb5 Bc5 5. Nxe5 Nxe5 6. d4 Bd6 7. f4 Nc6 8.
e5 Be7 9. exf6 Bxf6 10. Bxc6 dxc6 11. Qe2+ Qe7 12. Qxe7+ Bxe7 13. Be3 Bf5 14.
O-O-O O-O-O 15. a3 Rhe8 16. Rhe1 Bf6 17. h3 h5 18. Re2 Re7 19. Bf2 Red7 20.
Red2 g5 21. Ne2 h4 22. g4 Be4 23. c3 Re7 24. f5 Bf3 25. Re1 Rde8 26. Kd1 Re4
27. b3 c5 28. b4 c4 29. a4 Bg7 30. Rc2 Bf8 31. d5 Bd6 32. a5 Bg3 33. Bxg3 hxg3
34. b5 g2 35. a6 Rxe2 36. Rcxe2 Rxe2 37. Rg1 Ra2+ 38. Ke1 Bxd5 39. h4 gxh4 40.
g5 h3 41. g6 h2 42. g7 hxg1=Q# 0-1

[Event "17. European Women's Championship 2016"]
[Site "Mamaia ROU"]
[Date "2016.05.28"]
[Round "2.1"]
[White "Paehtz, Elisabeth"]
[Black "Mirzoeva, Elmira"]
[Result "1-0"]
[WhiteElo "2489"]
[BlackElo "2344"]
[PlyCount "63"]
[EventDate "2016.05.27"]
[EventType "swiss"]
[EventRounds "11"]
[EventCountry "ROU"]
[Source "lmi"]
[SourceDate "2016.05.26"]

1. d4 d5 2. c4 c6 3. Nc3 Nf6 4. e3 e6 5. Nf3 Nbd7 6. Qc2 Bd6 7. Bd3 O-O 8. O-O
dxc4 9. Bxc4 b5 10. Be2 Bb7 11. e4 e5 12. dxe5 Nxe5 13. Nd4 Qb6 14. Nf5 Bc5 15.
Bf4 Rfe8 16. Rad1 Re6 17. a3 a5 18. Be3 Bxe3 19. Nxe3 Rae8 20. Nf5 g6 21. Nd6
R8e7 22. Kh1 Ba6 23. Nf5 Rd7 24. f4 Rxd1 25. Qxd1 gxf5 26. exf5 Re8 27. fxe5
Rxe5 28. Qd6 Ng4 29. Bxg4 Qf2 30. Qd8+ Kg7 31. f6+ Kh6 32. Qf8+ 1-0

[Event "17. European Women's Championship 2016"]
[Site "Mamaia ROU"]
[Date "2016.05.28"]
[Round "2.2"]
[White "Papp, Petra"]
[Black "Goryachkina, Aleksandra"]
[Result "0-1"]
[WhiteElo "2342"]
[BlackElo "2485"]
[PlyCount "82"]
[EventDate "2016.05.27"]
[EventType "swiss"]
[EventRounds "11"]
[EventCountry "ROU"]
[Source "lmi"]
[SourceDate "2016.05.26"]

1. e4 c5 2. Nf3 Nc6 3. d4 cxd4 4. Nxd4 Nf6 5. Nc3 e5 6. Ndb5 d6 7. Bg5 a6 8.
Na3 b5 9. Bxf6 gxf6 10. Nd5 Bg7 11. Bd3 Ne7 12. Nxe7 Qxe7 13. O-O O-O 14. c4
Rd8 15. Qh5 Rb8 16. cxb5 f5 17. exf5 e4 18. Rae1 d5 19. bxa6 Rxb2 20. Re3 Qf6
21. a7 Bb7 22. Bb1 Ra8 23. g4 Rxa7 24. Rd1 h6 25. Nc2 Bc6 26. Nd4 Ba4 27. Nb3
Qb6 28. g5 Bxb3 29. axb3 Ra1 30. Bc2 Rxc2 31. Rxa1 Bxa1 32. f6 Bxf6 33. gxf6
Qxf6 34. Qg4+ Kh7 35. Qg3 Qf5 36. Rc3 Ra2 37. Rc6 d4 38. Rc1 Ra6 39. Kf1 Rg6
40. Qc7 Qf3 41. Qd7 d3 0-1

[Event "17. European Women's Championship 2016"]
[Site "Mamaia ROU"]
[Date "2016.05.28"]
[Round "2.3"]
[White "Batsiashvili, Nino"]
[Black "Cosma, Elena-Luminita"]
[Result "1/2-1/2"]
[WhiteElo "2476"]
[BlackElo "2333"]
[PlyCount "101"]
[EventDate "2016.05.27"]
[EventType "swiss"]
[EventRounds "11"]
[EventCountry "ROU"]
[Source "lmi"]
[SourceDate "2016.05.26"]

1. d4 d5 2. c4 e6 3. Nc3 Nf6 4. cxd5 exd5 5. Bg5 c6 6. e3 Be7 7. Bd3 Nbd7 8.
Qc2 Nh5 9. Bxe7 Qxe7 10. Nge2 g6 11. O-O O-O 12. Rab1 Nb6 13. b4 a6 14. a4 Bd7
15. Rfc1 Rfe8 16. Qb3 Nf6 17. b5 cxb5 18. axb5 a5 19. Nf4 Qd6 20. Ra1 Rec8 21.
Qa3 Qb4 22. Nfe2 Kg7 23. Rcb1 Qxa3 24. Rxa3 Nc4 25. Ra2 b6 26. h3 Rab8 27. g4
h6 28. Nd1 Nd6 29. f3 Rc7 30. Ndc3 Be6 31. Kf2 Nde4+ 32. Bxe4 dxe4 33. Ra3 exf3
34. Kxf3 Bd5+ 35. Nxd5 Nxd5 36. e4 Nb4 37. d5 Rd8 38. Rd1 Kf6 39. Re3 Ke5 40.
Nd4 Rc4 41. Ne2 Nc2 42. Red3 Rxe4 43. d6 Nb4 44. R3d2 Rc4 45. d7 Kf6 46. Rd6+
Ke7 47. Rxb6 Rxd7 48. Rxd7+ Kxd7 49. Rb7+ Rc7 50. Rb8 Rc8 51. Rb7+ 1/2-1/2

[Event "17. European Women's Championship 2016"]
[Site "Mamaia ROU"]
[Date "2016.05.28"]
[Round "2.4"]
[White "Socko, Monika"]
[Black "Nikolova, Adriana"]
[Result "1-0"]
[WhiteElo "2469"]
[BlackElo "2331"]
[PlyCount "89"]
[EventDate "2016.05.27"]
[EventType "swiss"]
[EventRounds "11"]
[EventCountry "ROU"]
[Source "lmi"]
[SourceDate "2016.05.26"]

1. d4 d5 2. c4 c6 3. Nf3 Nf6 4. e3 Bf5 5. Nc3 e6 6. Nh4 Be4 7. f3 Bg6 8. Nxg6
hxg6 9. g3 Be7 10. Qb3 Qc7 11. Kf2 Nbd7 12. Bd2 dxc4 13. Bxc4 b5 14. Be2 a6 15.
Rac1 c5 16. a4 b4 17. Nb1 Qb6 18. Rc4 a5 19. Kg2 cxd4 20. exd4 Nd5 21. Rhc1 Rd8
22. Be3 Ne5 23. Rc8 O-O 24. Rxd8 Rxd8 25. Bf2 Nc6 26. Qc4 Nb8 27. Nd2 f5 28.
Qb5 Bf6 29. Nb3 f4 30. Qxb6 Nxb6 31. Bb5 Nd5 32. Nxa5 Ne3+ 33. Bxe3 fxe3 34.
Nb3 e5 35. d5 g5 36. a5 Nd7 37. Rc7 Nf8 38. a6 e4 39. fxe4 Be5 40. Re7 e2 41.
Kf2 Bd6 42. Re8 Rxe8 43. Bxe8 Bb8 44. Na5 Ba7+ 45. Kxe2 1-0

[Event "17. European Women's Championship 2016"]
[Site "Mamaia ROU"]
[Date "2016.05.28"]
[Round "2.6"]
[White "Girya, Olga"]
[Black "Foisor, Cristina-Adela"]
[Result "1/2-1/2"]
[WhiteElo "2443"]
[BlackElo "2322"]
[PlyCount "131"]
[EventDate "2016.05.27"]
[EventType "swiss"]
[EventRounds "11"]
[EventCountry "ROU"]
[Source "lmi"]
[SourceDate "2016.05.26"]

1. d4 Nf6 2. c4 g6 3. Nc3 Bg7 4. e4 d6 5. Nf3 O-O 6. Be2 c5 7. O-O cxd4 8. Nxd4
Nc6 9. Be3 Bd7 10. Rc1 Nxd4 11. Bxd4 Bc6 12. Qd3 a5 13. Rfd1 Nd7 14. Bxg7 Kxg7
15. Qd4+ Kg8 16. Bg4 Nf6 17. Bh3 Qb8 18. Nd5 Bxd5 19. cxd5 b5 20. Rc6 Qa7 21.
Qd3 Rfb8 22. Rdc1 Nd7 23. Bxd7 Qxd7 24. h3 Rb7 25. Qd4 b4 26. R1c4 Re8 27. b3
h5 28. Ra6 Qb5 29. Rac6 f6 30. Qd1 Kg7 31. f4 a4 32. bxa4 Qa5 33. f5 Qa7+ 34.
Kh1 Ra8 35. fxg6 Qxa4 36. Qxh5 Rh8 37. Qe2 Qa7 38. Rc8 Rxc8 39. Rxc8 Qd4 40.
Rc1 Qe5 41. Qg4 Qg5 42. Qxg5 fxg5 43. Rb1 Kxg6 44. Kh2 Kf6 45. Kg3 Ke5 46. Kg4
Kxe4 47. Rd1 Ra7 48. Rd2 Ra5 49. Kxg5 Ke3 50. Rb2 Rxd5+ 51. Kg6 Rb5 52. Rb3+
Ke4 53. h4 d5 54. h5 d4 55. h6 e5 56. h7 Rb6+ 57. Kg5 Rb8 58. Rh3 Rh8 59. Kf6
d3 60. Kg7 d2 61. Kxh8 d1=Q 62. Kg7 Qd7+ 63. Kg8 Qe8+ 64. Kg7 Qe7+ 65. Kg8 Qe8+
66. Kg7 1/2-1/2

[Event "17. European Women's Championship 2016"]
[Site "Mamaia ROU"]
[Date "2016.05.28"]
[Round "2.7"]
[White "Ovod, Evgenija"]
[Black "Zawadzka, Jolanta"]
[Result "1-0"]
[WhiteElo "2329"]
[BlackElo "2442"]
[PlyCount "127"]
[EventDate "2016.05.27"]
[EventType "swiss"]
[EventRounds "11"]
[EventCountry "ROU"]
[Source "lmi"]
[SourceDate "2016.05.26"]

1. d4 d5 2. c4 e6 3. Nf3 Nf6 4. e3 b6 5. cxd5 exd5 6. Nc3 Bb7 7. Bd3 Bd6 8. Qc2
a6 9. a3 O-O 10. b4 Re8 11. Qb3 Nbd7 12. O-O Nf8 13. a4 Ne4 14. Ba3 Ng6 15. b5
a5 16. Bxd6 Qxd6 17. Rfc1 Rad8 18. Ra2 Re7 19. Rac2 Qf6 20. Ne2 Rdd7 21. Ng3 h6
22. Bf1 Ng5 23. Ne5 Nxe5 24. dxe5 Qe6 25. f4 Ne4 26. Nxe4 dxe4 27. Qxe6 fxe6
28. Bc4 Kf8 29. g4 g6 30. h4 Ke8 31. Kf2 Kd8 32. Kg3 Re8 33. Rh1 h5 34. gxh5
gxh5 35. Kf2 c5 36. Rg1 Kc7 37. Be2 Bd5 38. Rc3 Rh7 39. Rg5 Kd7 40. Kg3 Reh8
41. Bc4 Re8 42. Rc1 Bxc4 43. Rxc4 Rc8 44. Kf2 Ke7 45. Ke2 Kf8 46. Rxe4 c4 47.
Kd2 Rd7+ 48. Rd4 c3+ 49. Kc2 Rxd4 50. exd4 Rc4 51. f5 Rxd4 52. Rxh5 exf5 53.
Rxf5+ Ke7 54. h5 Rxa4 55. h6 Rh4 56. Rf6 a4 57. Kxc3 a3 58. Kb3 Rh3+ 59. Ka2
Kd7 60. Rxb6 Kc7 61. Rg6 Rh5 62. b6+ Kb7 63. e6 Kxb6 64. e7+ 1-0

[Event "17. European Women's Championship 2016"]
[Site "Mamaia ROU"]
[Date "2016.05.28"]
[Round "2.9"]
[White "Gaponenko, Inna"]
[Black "Mammadova, Gulnar"]
[Result "1-0"]
[WhiteElo "2415"]
[BlackElo "2319"]
[PlyCount "156"]
[EventDate "2016.05.27"]
[EventType "swiss"]
[EventRounds "11"]
[EventCountry "ROU"]
[Source "lmi"]
[SourceDate "2016.05.26"]

1. e4 e6 2. d4 d5 3. Nd2 Nf6 4. e5 Nfd7 5. Bd3 c5 6. c3 Nc6 7. Ne2 cxd4 8. cxd4
f6 9. exf6 Nxf6 10. Nf3 Bd6 11. O-O Qc7 12. Nc3 a6 13. Be3 O-O 14. Rc1 Bd7 15.
Na4 Be8 16. Nc5 Bxc5 17. Rxc5 Bh5 18. Be2 Qd6 19. h3 Rae8 20. Rc1 Ne4 21. Ng5
Bxe2 22. Nxe4 dxe4 23. Qxe2 Rf7 24. Rfd1 Nb4 25. Qg4 Qd5 26. Rc5 Qxa2 27. Qxe4
b6 28. Re5 Rff8 29. Rc1 Nd5 30. Rc6 Nxe3 31. Qxe3 Qa1+ 32. Qc1 Qa4 33. Rxb6
Qxd4 34. Qe3 Rd8 35. Qxd4 Rxd4 36. Rexe6 Rd1+ 37. Kh2 Rxf2 38. Rb7 Rdd2 39.
Re8+ Rf8 40. Ree7 Rff2 41. Rxg7+ Kf8 42. b4 h5 43. Rg5 Rb2 44. Ra7 Ra2 45. b5
axb5 46. Rxa2 Rxa2 47. Rxb5 h4 48. Rb4 Kg7 49. Rxh4 Kg6 50. Rb4 Kh5 51. h4 Ra1
52. Kh3 Rh1+ 53. Kg3 Ra1 54. Rb5+ Kh6 55. Rf5 Ra4 56. Rf4 Ra2 57. Kh3 Kg6 58.
g3 Ra3 59. Kg4 Ra6 60. h5+ Kh6 61. Kh4 Ra1 62. Rf6+ Kg7 63. Kg5 Rg1 64. h6+ Kh7
65. g4 Ra1 66. Rf7+ Kg8 67. Kg6 Ra6+ 68. Rf6 Ra8 69. g5 Kh8 70. Rf5 Kg8 71. Kh5
Ra1 72. Rb5 Ra8 73. g6 Kh8 74. Rf5 Rb8 75. g7+ Kh7 76. Rf8 Rb5+ 77. Kg4 Rb4+
78. Kf3 Rb3+ 1-0

[Event "17. European Women's Championship 2016"]
[Site "Mamaia ROU"]
[Date "2016.05.28"]
[Round "2.10"]
[White "Kiolbasa, Oliwia"]
[Black "Shvayger, Yuliya"]
[Result "0-1"]
[WhiteElo "2319"]
[BlackElo "2415"]
[PlyCount "98"]
[EventDate "2016.05.27"]
[EventType "swiss"]
[EventRounds "11"]
[EventCountry "ROU"]
[Source "lmi"]
[SourceDate "2016.05.26"]

1. e4 c5 2. Nf3 Nc6 3. d4 cxd4 4. Nxd4 e5 5. Nb5 d6 6. N1c3 a6 7. Na3 b5 8. Nd5
Nge7 9. c4 Nxd5 10. cxd5 Nd4 11. Bd3 g6 12. O-O Bg7 13. Be3 O-O 14. Rc1 f5 15.
Bxd4 exd4 16. Nc2 Qh4 17. exf5 Bxf5 18. Nb4 Kh8 19. Nc6 Rae8 20. Rc2 Bxd3 21.
Qxd3 Qg5 22. Nxd4 Qxd5 23. Rd2 Qxa2 24. b3 Qa5 25. Nc6 Qb6 26. Nb4 a5 27. Nd5
Qc5 28. Rfd1 a4 29. bxa4 bxa4 30. Ne3 a3 31. Nc4 Ra8 32. Ra2 Ra4 33. Ne3 Be5
34. Qb3 Rfa8 35. Qb7 Qa7 36. Qd5 Qc5 37. Qb7 Qb4 38. Qd5 Rb8 39. Rc1 Qb7 40.
Qe6 Bb2 41. Rc2 Be5 42. Rc1 Raa8 43. Rac2 Re8 44. Qa2 d5 45. Nxd5 Bb2 46. Rb1
Rab8 47. Rc7 Qb3 48. Qxb3 Rxb3 49. Ra7 Bd4 0-1

[Event "17. European Women's Championship 2016"]
[Site "Mamaia ROU"]
[Date "2016.05.28"]
[Round "2.11"]
[White "Zaksaite, Salomeja"]
[Black "Khurtsidze, Nino"]
[Result "1/2-1/2"]
[WhiteElo "2312"]
[BlackElo "2409"]
[PlyCount "89"]
[EventDate "2016.05.27"]
[EventType "swiss"]
[EventRounds "11"]
[EventCountry "ROU"]
[Source "lmi"]
[SourceDate "2016.05.26"]

1. e4 c5 2. Nf3 e6 3. d4 cxd4 4. Nxd4 a6 5. Nc3 Qc7 6. Be2 Nf6 7. O-O Nc6 8.
Be3 Be7 9. f4 d6 10. Qe1 Nxd4 11. Bxd4 b5 12. a3 Bb7 13. Bd3 O-O 14. Qg3 e5 15.
fxe5 Nh5 16. Qe3 dxe5 17. Bxe5 Qxe5 18. Rf5 Qc7 19. Rxh5 f5 20. Kh1 g6 21. Rh3
f4 22. Qd2 Bf6 23. Re1 Bxc3 24. Qxc3 Qxc3 25. bxc3 Bc8 26. Rf3 Bg4 27. Rff1
Rac8 28. e5 g5 29. e6 Kg7 30. h3 Bh5 31. Re5 Rxc3 32. Rxg5+ Bg6 33. h4 Rc6 34.
e7 Re8 35. Rxf4 Rxe7 36. Bxg6 hxg6 37. h5 Kh6 38. Rxg6+ Rxg6 39. hxg6 Rc7 40.
Rf6 Rxc2 41. Rxa6 Ra2 42. Ra5 Kxg6 43. Kh2 Rb2 44. Kg3 b4 45. axb4 1/2-1/2

[Event "17. European Women's Championship 2016"]
[Site "Mamaia ROU"]
[Date "2016.05.28"]
[Round "2.12"]
[White "Tomilova, Elena"]
[Black "Atalik, Ekaterina"]
[Result "0-1"]
[WhiteElo "2305"]
[BlackElo "2408"]
[PlyCount "54"]
[EventDate "2016.05.27"]
[EventType "swiss"]
[EventRounds "11"]
[EventCountry "ROU"]
[Source "lmi"]
[SourceDate "2016.05.26"]

1. d4 d5 2. Bf4 Nf6 3. e3 c5 4. dxc5 Nc6 5. Nc3 e5 6. Bg5 Be6 7. Bb5 Bxc5 8.
Nf3 Qc7 9. O-O O-O-O 10. Bxc6 bxc6 11. Qe2 h6 12. Bxf6 gxf6 13. b4 Bxb4 14.
Qa6+ Kd7 15. Rab1 Rb8 16. Na4 Qa5 17. Rxb4 Qxb4 18. Qxa7+ Kd6 19. c4 Qxc4 20.
Nd2 Qc2 21. Nb3 Ra8 22. Qc5+ Qxc5 23. Nbxc5 Rhb8 24. a3 Rb5 25. Rc1 Raa5 26.
Nxe6 fxe6 27. Nc3 Rc5 0-1

[Event "17. European Women's Championship 2016"]
[Site "Mamaia ROU"]
[Date "2016.05.28"]
[Round "2.13"]
[White "Styazhkina, Anna"]
[Black "Ziaziulkina, Nastassia"]
[Result "1/2-1/2"]
[WhiteElo "2302"]
[BlackElo "2396"]
[PlyCount "91"]
[EventDate "2016.05.27"]
[EventType "swiss"]
[EventRounds "11"]
[EventCountry "ROU"]
[Source "lmi"]
[SourceDate "2016.05.26"]

1. e4 c5 2. Nf3 d6 3. d4 cxd4 4. Nxd4 Nf6 5. Nc3 a6 6. Be2 e6 7. O-O Be7 8. f4
O-O 9. Be3 Nc6 10. Kh1 Bd7 11. a4 Nxd4 12. Bxd4 Bc6 13. Bf3 b5 14. Qd3 b4 15.
Ne2 d5 16. e5 Ne4 17. Qe3 Qd7 18. b3 Rac8 19. Bxe4 dxe4 20. Ng3 Rfd8 21. Rad1
Bb7 22. f5 exf5 23. Nxf5 Qe6 24. Rd2 Rd7 25. Rdf2 Bf8 26. h3 a5 27. Rf4 Rxc2
28. Rg4 Ba6 29. Nh6+ Qxh6 30. Qxh6 Bxf1 31. Qe3 Re2 32. Qg1 Rd2 33. Qxf1 R7xd4
34. Qf4 h5 35. Rg3 h4 36. Re3 Bc5 37. Kh2 Rd8 38. Qxe4 Bxe3 39. Qxe3 R8d3 40.
Qe4 Rd4 41. Qa8+ Kh7 42. Qxa5 Re2 43. Qc7 Rdd2 44. Qb7 Ra2 45. Qd5 Rad2 46. Qb7
1/2-1/2

[Event "17. European Women's Championship 2016"]
[Site "Mamaia ROU"]
[Date "2016.05.28"]
[Round "2.14"]
[White "Daulyte, Deimante"]
[Black "Mammadzada, Gunay"]
[Result "1/2-1/2"]
[WhiteElo "2392"]
[BlackElo "2318"]
[PlyCount "55"]
[EventDate "2016.05.27"]
[EventType "swiss"]
[EventRounds "11"]
[EventCountry "ROU"]
[Source "lmi"]
[SourceDate "2016.05.26"]

1. e4 c5 2. Nf3 d6 3. Bb5+ Bd7 4. c4 Nf6 5. Nc3 g6 6. O-O Bg7 7. d4 cxd4 8.
Nxd4 O-O 9. Bxd7 Qxd7 10. b3 Nc6 11. Bb2 e6 12. Rc1 Rfd8 13. Re1 Rac8 14. Nxc6
Rxc6 15. Qf3 a6 16. Rcd1 Qc8 17. Nd5 Nxd5 18. Bxg7 Kxg7 19. exd5 exd5 20. Rxd5
Re8 21. Rxe8 Qxe8 22. h4 h5 23. Qc3+ Kh7 24. Qd2 Qe4 25. Rd4 Qe5 26. Rd5 Qe4
27. Rd4 Qe5 28. Rd5 1/2-1/2

[Event "17. European Women's Championship 2016"]
[Site "Mamaia ROU"]
[Date "2016.05.28"]
[Round "2.15"]
[White "Buksa, Nataliya"]
[Black "Houska, Jovanka"]
[Result "0-1"]
[WhiteElo "2288"]
[BlackElo "2383"]
[PlyCount "78"]
[EventDate "2016.05.27"]
[EventType "swiss"]
[EventRounds "11"]
[EventCountry "ROU"]
[Source "lmi"]
[SourceDate "2016.05.26"]

1. e4 c6 2. d4 d5 3. e5 Bf5 4. Nf3 e6 5. Be2 Nd7 6. O-O h6 7. a4 Ne7 8. a5 g5
9. c4 Bg7 10. Nc3 O-O 11. cxd5 Nxd5 12. Nxd5 exd5 13. h4 g4 14. Nh2 h5 15. Bd3
Bxd3 16. Qxd3 Qxh4 17. Bf4 f5 18. Rac1 Qe7 19. Rfe1 Qe6 20. Nf1 Rf7 21. Ng3 h4
22. Nh5 Nf8 23. a6 b6 24. Bg5 Ng6 25. b4 Rc8 26. Qe3 Kh7 27. b5 c5 28. Nxg7
Rxg7 29. dxc5 bxc5 30. Rxc5 f4 31. Bxf4 Rxc5 32. Qxc5 Nxf4 33. b6 axb6 34. Qf8
Rf7 35. Qb8 g3 36. fxg3 hxg3 37. Qd6 Qf5 38. Qc6 Ne2+ 39. Rxe2 Qf1# 0-1

[Event "17. European Women's Championship 2016"]
[Site "Mamaia ROU"]
[Date "2016.05.28"]
[Round "2.17"]
[White "Arakhamia-Grant, Ketevan"]
[Black "Gvetadze, Sofio"]
[Result "1-0"]
[WhiteElo "2364"]
[BlackElo "2311"]
[PlyCount "111"]
[EventDate "2016.05.27"]
[EventType "swiss"]
[EventRounds "11"]
[EventCountry "ROU"]
[Source "lmi"]
[SourceDate "2016.05.26"]

1. e4 c5 2. Nf3 Nc6 3. d4 cxd4 4. Nxd4 g6 5. c4 Bg7 6. Nc2 Nf6 7. Nc3 O-O 8.
Be2 d6 9. O-O Be6 10. f3 Rc8 11. Kh1 Nd7 12. Bd2 f5 13. exf5 Bxf5 14. Ne3 Nd4
15. Nxf5 Nxf5 16. f4 Kh8 17. Bd3 Nc5 18. Bxf5 Rxf5 19. Qe2 Qd7 20. Rae1 Re8 21.
b4 Na6 22. Ne4 d5 23. Ng3 Rff8 24. Qd3 e6 25. c5 Qf7 26. a3 Kg8 27. h3 Nb8 28.
b5 Qc7 29. Rc1 Nd7 30. Be3 Kh8 31. Ne2 Nf6 32. b6 axb6 33. cxb6 Qd8 34. Rc7 Ne4
35. Rxb7 Qh4 36. Kh2 g5 37. g3 Nxg3 38. Nxg3 gxf4 39. Bf2 fxg3+ 40. Bxg3 Qh5
41. Rxf8+ Rxf8 42. Re7 Qg5 43. Rxe6 Qc1 44. Re2 Qc6 45. Qb3 Qb7 46. a4 d4 47.
a5 h6 48. Qb5 d3 49. Qxd3 Ra8 50. Qb5 Rg8 51. Re8 Rxe8 52. Qxe8+ Kh7 53. Qe2
Qc6 54. Qg2 Qb5 55. b7 Be5 56. Qe4+ 1-0

[Event "17. European Women's Championship 2016"]
[Site "Mamaia ROU"]
[Date "2016.05.28"]
[Round "2.18"]
[White "Arabidze, Meri"]
[Black "Pustovoitova, Daria"]
[Result "1-0"]
[WhiteElo "2363"]
[BlackElo "2304"]
[PlyCount "97"]
[EventDate "2016.05.27"]
[EventType "swiss"]
[EventRounds "11"]
[EventCountry "ROU"]
[Source "lmi"]
[SourceDate "2016.05.26"]

1. Nf3 Nf6 2. c4 e6 3. Nc3 d5 4. e3 c6 5. b3 Nbd7 6. Bb2 Bd6 7. Qc2 O-O 8. Rg1
a6 9. g4 b5 10. g5 Ne8 11. h4 bxc4 12. bxc4 f5 13. h5 Qe7 14. h6 g6 15. Rb1 Rb8
16. Be2 Nc7 17. Na4 Ne8 18. Nd4 Bb7 19. cxd5 cxd5 20. Qc3 Kf7 21. f4 Nc7 22.
Nc6 Bxc6 23. Qxc6 Rfc8 24. Rc1 a5 25. Kf2 Bb4 26. Qc2 Qd8 27. Qd3 Ne8 28. Qd4
Qe7 29. Ba1 Nd6 30. Kg2 Nf8 31. Ba6 Rxc1 32. Rxc1 Ne8 33. Be2 Ba3 34. Bb2 Bxb2
35. Nxb2 Qb4 36. Qxb4 Rxb4 37. Nd3 Rb6 38. a4 Nd7 39. Rc8 Nd6 40. Ra8 Nc4 41.
Ra7 Ke8 42. Ne5 Ndxe5 43. fxe5 Nxe5 44. Rxh7 Nf7 45. Rg7 Nxg5 46. Rxg6 Nf7 47.
h7 Ke7 48. Rg7 Rb8 49. Bh5 1-0